| 000 | 02484cam a22004694i 4500 | ||
|---|---|---|---|
| 003 | PE-LiUPU | ||
| 005 | 20250731165548.0 | ||
| 008 | 150625s r 000 0 d | ||
| 035 | _a(Sirsi) a34241 | ||
| 035 | _a(Sirsi) a34241 | ||
| 040 |
_aPE-LiUPU _bspa _cPE-LiUPU _erda |
||
| 082 | 0 | 4 |
_a985.04 _bD _223 |
| 245 | 0 | 0 |
_aConspiraciones y rebeliones en el siglo XIX : _bLa revolución del Cuzco de 1814 / _crecopilación y prólogo de Ella Dunbar Temple, Horacio Villanueva Urteaga. |
| 264 | 1 |
_aLima : _bComisión Nacional del Sesquicentenario de la Independencia del Perú, _c1971. |
|
| 300 |
_a367 páginas ; _c24 centímetros. |
||
| 336 |
_atext _2rdacontent |
||
| 337 |
_aunmediated _2rdamedia |
||
| 338 |
_avolume _2rdacarrier |
||
| 490 | 0 |
_aColección Documental de la Independencia del Perú ; _v3 |
|
| 505 | _aLibro de actas del cabildo del Cuzco. Archivo histórico -- Información producida en el juzgado del Sr. alcalde de primer voto por los cinco electores de la matriz, sobre lo ocurrido en la junta parroquial del día 7 de febrero de 1813 -- Nota de don Mariano Arriaga al intendente Ricafort sobre los sucesos de 1813 -- Nota de don José de Caceres al intendente don Mariano Ricafort sobre los sucesos de 1813 -- Oficio de Pumaccahua al virrey de Lima dirigido el 26 de abril de 1813 -- Pedro Paz solicita premio por su comportamiento en la revolución de 1814 -- Instrucción militar y económica para el ejercito auxiliar que se halla en la provincia de Guamanga -- Vindicación de don Mariano Villafuerte -- Proceso de Pumaccahua -- Confiscación de bienes de los patriotas -- Polonia García Pumaccahua solicita indulto para su marido don Fermín Quispe Carlos Inga.1815. | ||
| 526 | _aSEG44 | ||
| 526 | _aSEG26 | ||
| 526 | _aP151 | ||
| 526 | _aP150 | ||
| 526 | _aP149 | ||
| 526 | _aP146 | ||
| 526 | _aP145 | ||
| 526 | _aP126 | ||
| 526 | _aP125 | ||
| 526 | _aP92 | ||
| 526 | _aP75 | ||
| 526 | _aP74 | ||
| 526 | _aP27 | ||
| 526 | _aP15 | ||
| 651 |
_aPerú _xHistoria _yEmancipación, 1808-1824 _vFuentes |
||
| 651 |
_aPerú _xHistoria _yRevolución del Cusco, 1814. |
||
| 700 | 1 |
_aVillanueva Urteaga, Horacio, _d1918- , _erecop. |
|
| 942 |
_2ddc _cBK |
||
| 949 |
_aRC 985.04 D 3 _wDEWEY _c1 _i16979 _lRC _mBUL _r0 _sY _tBOOK _u2015-6-25 _xBIBLIOTECA _zUNKNOWN _0COMPRA _o.CIRCNOTE. No olvidar cambiar la fecha de devolución!!!!!!! _o.STAFF. Colección General |
||
| 980 |
_81 _gALBERTO SANCHEZ Responsable de Automatización |
||
| 999 |
_c42077 _d42077 |
||